[Event "NLD-chT"]
[Site "?"]
[Date "1993.??.??"]
[Round "5"]
[White "Scholl, Eduard C"]
[Black "Ree, Hans"]
[Result "1-0"]
[WhiteElo "2385"]
[BlackElo "2445"]

1.e4 c5 2.Nf3 d6 3.Bb5+ Bd7 4.Bxd7+ Nxd7 5.O-O Ngf6 6.Qe2 e6 7.b3 Be7 8.Bb2 O-O
9.c4 e5 10.Nc3 Nb8 11.g3 Nc6 12.Nd5 Nxd5 13.cxd5 Nb4 14.Ne1 f5 15.exf5 Rxf5
16.Bc3 Na6 17.Ng2 Qd7 18.f4 exf4 19.Nxf4 Bf6 20.Bxf6 Rxf6 21.Ne6 Rxf1+ 22.Rxf1 Re8
23.Qf3 h6 24.Qh5 Nb4 25.Qg6 Rb8 26.Rf4 Nxd5 27.Rg4 Rf8 28.Nxf8 Kxf8 29.Re4 Nf6
30.Re3 b5 31.Qd3 a6 32.Qe2 Kf7 33.Qf3 a5 34.Kg2 a4 35.bxa4 bxa4 36.Rd3 d5
37.Rc3 c4 38.Rc1 Kg8 39.Rb1 Ne4 40.Rb8+ Kh7 41.Qf4 Nf6 42.h3 h5 43.Qf1 Ne4
44.Qf4 Nf6 45.Rb6 Kg8 46.Qb8+ Kh7 47.Qf4 Kg8 48.Qe5 Kh7 49.Rd6 Qb7 50.Qf5+ Kg8
51.Qe6+ Kh7 52.Rb6 Qa7 53.g4 hxg4 54.hxg4 Nxg4 55.Qf5+ Kg8 56.Qxd5+ Kh8 57.Qh5+ Kg8
58.Qe8+ Kh7 59.Qe4+ Kg8 60.Rc6 Qd7 61.Rxc4 Nf6 62.Rd4 Qc7 63.Qa8+ Kh7 64.Qf3 Qe5
65.Qd3+ g6 66.Qh3+ Kg7 67.Qe3 Qf5 68.Rxa4 Qd5+ 69.Kg1 g5 70.Ra7+ Kg6 71.Ra6 Qc4
72.Rxf6+ Kxf6 73.Qc3+  1-0

[Event "NLD-chT"]
[Site "?"]
[Date "1993.??.??"]
[Round "7"]
[White "Boersma, Paulus A"]
[Black "Knoppert, Erik G J"]
[Result "0-1"]
[WhiteElo "2365"]
[BlackElo "2375"]

1.e4 c5 2.Nf3 d6 3.Bb5+ Bd7 4.c4 Bxb5 5.cxb5 Nf6 6.Nc3 g6 7.d3 Bg7 8.O-O O-O
9.h3 Nbd7 10.a4 Rc8 11.Bg5 h6 12.Bh4 Ne8 13.Nd2 Nc7 14.Nc4 Ne5 15.Ne3 Ne6
16.f4 Nd7 17.Ncd5 Nf6 18.Bxf6 Bxf6 19.Nxf6+ exf6 20.f5 Nd4 21.Nd5 Kg7 22.Rf2 Qe8
23.Qg4 g5 24.Nf4 Qe5 25.Nh5+ Kh8 26.Rc1 Rfd8 27.h4 Rg8 28.hxg5 Rxg5 29.Qh4 Rcg8
30.Kh1 d5 31.Rxc5 Qe7 32.Rxd5 Qb4 33.Rxd4 Qe1+ 34.Kh2 Rxg2+ 35.Rxg2 Qxh4+
36.Kg1 Qxh5 37.Rd7 Qf3 38.Rxg8+ Kxg8 39.b4 h5  0-1

[Event "NOR-ch"]
[Site "?"]
[Date "1993.??.??"]
[Round "4"]
[White "Johannessen, Svein"]
[Black "Gausel, Einar"]
[Result "0-1"]
[WhiteElo "2330"]
[BlackElo "2500"]

1.e4 c5 2.Nf3 d6 3.Bb5+ Bd7 4.Bxd7+ Qxd7 5.O-O Nc6 6.c4 Nf6 7.Nc3 g6 8.d3 Bg7
9.Bg5 h6 10.Bh4 g5 11.Bg3 Nh5 12.Ne5 Nxe5 13.Bxe5 Bxe5 14.Qxh5 e6 15.Rab1 O-O-O
16.Ne2 Rdg8 17.Qf3 h5 18.b4 Qc7 19.Qe3 h4 20.d4 cxd4 21.Nxd4 Kd7 22.c5 dxc5
23.bxc5 Ke7 24.Nf3 Bf4 25.Qa3 g4 26.Nd4 Kf6 27.g3 Be5 28.Nb5 Qd7 29.f4 Bd4+
30.Kg2 hxg3 31.hxg3 Qc6 32.Nxd4 Qxe4+ 33.Nf3 gxf3+ 34.Qxf3 Qc2+ 35.Qf2 Rxg3+
36.Kxg3 Qg6+  0-1

[Event "NOR-chT east"]
[Site "NOR"]
[Date "1993.??.??"]
[Round "7"]
[White "Engedal, Kim Nikolai"]
[Black "Diesen, Bruce"]
[Result "0-1"]
[WhiteElo "2240"]
[BlackElo "2275"]

1.e4 c5 2.Nf3 d6 3.Bb5+ Nc6 4.O-O Bg4 5.h3 Bxf3 6.Qxf3 e6 7.Re1 Ne7 8.c3 a6
9.Bf1 Ng6 10.Qd1 Qb6 11.Na3 Be7 12.Nc2 Bf6 13.Rb1 O-O 14.b4 Rfd8 15.a4 d5
16.exd5 Rxd5 17.Ne3 Rdd8 18.Nc4 Qa7 19.bxc5 Bxc3 20.Nd6 Bb4 21.Rxb4 Nxb4
22.Ba3 Nd5 23.Bc4 b6 24.d4 Qc7 25.Qd2 Rxd6 26.cxd6 Qxc4 27.Rc1 Qxa4 28.Qc2 Qxc2
29.Rxc2 Nf8  0-1

[Event "Odorheiu Secuiesc"]
[Site "Odorheiu Secuiesc"]
[Date "1993.??.??"]
[Round "2"]
[White "Sax, Gyula"]
[Black "Ribli, Zoltan"]
[Result "1/2-1/2"]
[WhiteElo "2570"]
[BlackElo "2620"]

1.e4 c5 2.Nf3 d6 3.Bb5+ Bd7 4.Bxd7+ Qxd7 5.O-O Nc6 6.c3 d5 7.d3 e6 8.Qe2 Nge7
9.a3 Ng6 10.b4 Be7 11.Nbd2 O-O 12.Nb3 b6 13.Be3  1/2-1/2

[Event "Odorheiu Secuiesc-B"]
[Site "Odorheiu Secuiesc"]
[Date "1993.??.??"]
[Round "9"]
[White "Iordachescu, Viorel"]
[Black "Ardeleanu, Alin"]
[Result "1-0"]
[WhiteElo "2375"]
[BlackElo "2385"]

1.e4 c5 2.Nf3 d6 3.Bb5+ Nd7 4.O-O Nf6 5.Re1 e6 6.c3 a6 7.Bf1 Be7 8.d4 O-O
9.e5 Nd5 10.c4 Nb4 11.exd6 Bxd6 12.Nc3 cxd4 13.Nxd4 Bc5 14.Be3 e5 15.Nb3 Bxe3
16.Rxe3 Nc6 17.Rd3 Rb8 18.c5 Qe8 19.Ne4 Qe7 20.Rd6 f5 21.Nc3 Nf6 22.Bxa6 bxa6
23.Rxc6 Rd8 24.Qe2 Rb4 25.Rd1 Re8 26.Rcd6 Rh4 27.Nd5 Nxd5 28.R6xd5 Re4 29.Qd2 Qh4
30.g3 Qe7 31.Rd8 Be6 32.f3 Ra4 33.Qd6 Kf7 34.Rxe8 Qxe8 35.Qxe5 Bxb3 36.Qxf5+ Kg8
37.axb3 Qe3+ 38.Kh1 Rd4  1-0

[Event "Odorheiu Secuiesc"]
[Site "Odorheiu Secuiesc"]
[Date "1993.??.??"]
[Round "11"]
[White "Nevednichy, Vladislav"]
[Black "Marin, Mihail"]
[Result "1/2-1/2"]
[WhiteElo "2495"]
[BlackElo "2515"]

1.e4 c5 2.Nf3 d6 3.Bb5+ Bd7 4.Bxd7+ Qxd7 5.O-O Nc6 6.c4 Nf6 7.Nc3 g6 8.d4 cxd4
9.Nxd4 Bg7 10.Nde2 O-O 11.f3 Rfc8 12.Bg5 Qd8  1/2-1/2

[Event "Oviedo rapid"]
[Site "Oviedo"]
[Date "1993.??.??"]
[Round "9"]
[White "Zarnicki, Pablo"]
[Black "Atalik, Suat"]
[Result "0-1"]
[WhiteElo "2455"]
[BlackElo "2535"]

1.e4 c5 2.Nf3 d6 3.Bb5+ Bd7 4.Bxd7+ Qxd7 5.O-O Nf6 6.e5 dxe5 7.Nxe5 Qd6 8.Re1 Nc6
9.Nxc6 Qxc6 10.d3 e6 11.b3 g6 12.Bb2 Bg7 13.Nd2 O-O 14.Nc4 b5 15.Ne5 Qb7
16.Qe2 Rfd8 17.Rad1 a5 18.d4 cxd4 19.Bxd4 Nd5 20.Qf3 b4 21.Ng4 Rd7 22.Bxg7 Kxg7
23.h4 h5 24.Ne5 Rc7 25.g4 Nc3 26.Qf4 Nxd1 27.Rxd1 f6 28.Nc4 e5 29.Qg3 Rd7
30.Nd6 Qc6 31.gxh5 Kf8  0-1

[Event "Oviedo rapid"]
[Site "Oviedo"]
[Date "1993.??.??"]
[Round "12"]
[White "Fedorov, Vladislav"]
[Black "Ubilava, Elizbar"]
[Result "1/2-1/2"]
[WhiteElo "2440"]
[BlackElo "2530"]

1.e4 c5 2.Nf3 d6 3.Bb5+ Nd7 4.d4 Nf6 5.O-O a6 6.Bxd7+ Nxd7 7.Nc3 e6 8.dxc5 dxc5
9.a4 b6 10.Bf4 Be7 11.Qe2 O-O 12.Rfd1 Qe8 13.Nd2 Nf6 14.Nc4 Qc6 15.Bd6 Ra7
16.Bxe7 Rxe7 17.Rd6 Qc7 18.Rxb6 Rd7 19.e5 Nd5 20.Rd6 Bb7 21.Ne4 Rxd6 22.Ncxd6 Nf4
23.Qf3 Bxe4 24.Qxe4 Nd5 25.c4 Nb4 26.Ra3 Qc6 27.Qxc6 Nxc6 28.Rb3 Nxe5 29.Rb6 a5
30.Rb5 Rd8  1/2-1/2

[Event "WchT U26"]
[Site "Paranana"]
[Date "1993.??.??"]
[Round "?"]
[White "Zarnicki, Pablo"]
[Black "Norri, Joose"]
[Result "1-0"]
[WhiteElo "2455"]
[BlackElo "2405"]

1.e4 c5 2.Nf3 d6 3.Bb5+ Nc6 4.O-O Bd7 5.c3 Nf6 6.Re1 a6 7.Bxc6 Bxc6 8.d4 Bxe4
9.Bg5 d5 10.Nbd2 Bg6 11.dxc5 e6 12.Qa4+ Qd7 13.Qh4 Rg8 14.Ne5 Qb5 15.b4 Qa4
16.Bxf6 gxf6 17.Qxf6 Be7 18.Qf4 Bf5 19.Nb3 f6 20.Nf3 Be4 21.Rxe4 dxe4 22.Qxe4 Qd7
23.Na5 O-O-O 24.c6 Qd5 25.cxb7+ Kc7 26.Qxd5 Rxd5 27.Nd4 Rxa5 28.bxa5 e5 29.Nf5 Bc5
30.Rb1 Ba7 31.Ne3 Rd8 32.c4 Rd2 33.c5 Rxa2 34.Nd5+ Kd7 35.c6+  1-0

[Event "Pardubice op"]
[Site "Pardubice"]
[Date "1993.??.??"]
[Round "8"]
[White "Kirpichnikov, Vladimir S"]
[Black "Khenkin, Igor"]
[Result "1/2-1/2"]
[WhiteElo "2390"]
[BlackElo "2570"]

1.e4 c5 2.Nf3 d6 3.Bb5+ Bd7 4.Bxd7+ Nxd7 5.O-O Ngf6 6.d3 e6 7.b3 Be7 8.Bb2 O-O
9.Nbd2 b5 10.e5 Nxe5 11.Nxe5 dxe5 12.Bxe5 Nd7 13.Bb2 Bf6 14.Bxf6 Nxf6 15.Nf3 Nd5
16.Qd2 Qc7 17.c4 bxc4 18.dxc4 Nb4 19.Qe2 Rfd8 20.Rfd1 a5 21.a3 Nc6 22.Rxd8+ Rxd8
23.Rd1 Kf8 24.g3 h6 25.Rd2 Rxd2 26.Qxd2 Ke7 27.h4 Qd6 28.Qe3 f5 29.Qf4 Qxf4
30.gxf4 Kf6 31.h5 g6 32.hxg6 Kxg6 33.Kf1 Kf6 34.Ke2 e5 35.fxe5+ Nxe5 36.Nd2 h5
37.f4 Nc6 38.Kf3 h4 39.Kg2 Nd4 40.Kh3 Ne2 41.Kxh4 Nxf4 42.Kg3 Ne6 43.Kf3 Ke5
44.Ke3 f4+ 45.Kd3 Nd4 46.Kc3 Ne2+ 47.Kd3 Nd4 48.Kc3 Nc6 49.Kd3 Kf5 50.Kc3 Ke5
51.Kd3 Kf5 52.Kc3 Ke5  1/2-1/2

[Event "Paris-ch"]
[Site "Paris"]
[Date "1993.??.??"]
[Round "8"]
[White "Gervasio, Ricardo"]
[Black "Leroy, Adrien"]
[Result "1-0"]
[WhiteElo "2330"]
[BlackElo "2075"]

1.e4 c5 2.Nf3 d6 3.Bb5+ Bd7 4.a4 Nf6 5.Nc3 Nc6 6.d4 a6 7.Bxc6 Bxc6 8.O-O g6
9.d5 Bd7 10.e5 dxe5 11.Nxe5 Bg7 12.d6 O-O 13.Bg5 Be6 14.dxe7 Qxe7 15.Re1 Qc7
16.Qf3 Nh5 17.Nd3 c4 18.Nb4 Qc5 19.Nbd5 Rfe8 20.Be3 Qc6 21.Rad1 Rad8 22.Ne7+  1-0

[Event "Peristeri"]
[Site "Peristeri"]
[Date "1993.??.??"]
[Round "1"]
[White "Pandavos, Emanouel"]
[Black "Nikolaidis, Ioannis"]
[Result "1-0"]
[WhiteElo "2335"]
[BlackElo "2440"]

1.e4 c5 2.Nf3 d6 3.Bb5+ Nd7 4.O-O Nf6 5.Re1 a6 6.Bf1 e5 7.c3 Be7 8.d4 O-O
9.Nbd2 b5 10.a4 Rb8 11.Bd3 Re8 12.Nf1 Bf8 13.Ng3 g6 14.axb5 axb5 15.h3 Qc7
16.Be3 c4 17.Bc2 Bb7 18.Qd2 Ra8 19.Bh6 Rxa1 20.Rxa1 Ra8 21.Rd1 Qb8 22.Bxf8 Qxf8
23.Qg5 h6 24.Qe3 Ra2 25.Bb1 Ra1 26.Ne1 Kg7 27.Nc2 Ra5 28.f4 Qa8 29.Nb4 Ra1
30.Rf1 Qa4 31.Qf2 Qa7 32.Nc2 Ra5 33.Ne3 Ra6 34.Ngf5+ Kf8 35.Qh4 h5 36.Qg5 Ke8
37.Qh6 Nf8 38.Ng7+ Kd7 39.Nxh5 Nxh5 40.Qxf8 exd4 41.Qxf7+ Kc8 42.Qg8+ Kc7
43.Qh7+ Kb8 44.Qh8+ Kc7 45.cxd4 Ng3 46.Qg7+ Kb8 47.Qf8+ Bc8 48.Rd1 Ne2+ 49.Kh2 Nxd4
50.Nd5 Ne6 51.Qe8 Qc5 52.f5 gxf5 53.exf5 Nc7 54.Nxc7 Qxc7 55.Qxb5+ Rb6 56.Qd5 Rxb2
57.Be4 Bb7 58.Qg8+ Ka7 59.Bxb7 Qxb7 60.f6 Rf2 61.Ra1+  1-0

[Event "World op"]
[Site "Philadelphia"]
[Date "1993.??.??"]
[Round "?"]
[White "Shirazi, Kamran G"]
[Black "Fedorowicz, John P"]
[Result "0-1"]
[WhiteElo "2380"]
[BlackElo "2545"]

1.e4 c5 2.Nf3 d6 3.Bb5+ Bd7 4.a4 Nf6 5.d3 Nc6 6.O-O e6 7.Nbd2 Be7 8.Bxc6 Bxc6
9.e5 dxe5 10.Nxe5 Rc8 11.Nxc6 Rxc6 12.Nc4 O-O 13.Bd2 Rc8 14.Qe2 Nd5 15.f4 g6
16.Ne5 Bf6 17.c4 Ne7 18.Bc3 Nf5 19.a5  0-1

[Event "Pinsk"]
[Site "Pinsk"]
[Date "1993.??.??"]
[Round "?"]
[White "Berezjuk, Sergej"]
[Black "Ryskin, Alexander"]
[Result "1/2-1/2"]
[WhiteElo "2435"]
[BlackElo "2515"]

1.e4 c5 2.Nf3 d6 3.Bb5+ Bd7 4.Bxd7+ Qxd7 5.c4 Nc6 6.Nc3 Nf6 7.O-O g6 8.d4 cxd4
9.Nxd4 Bg7 10.Nde2 O-O 11.f3 e6 12.Bg5 h6 13.Bh4 Ne5 14.b3 g5 15.Bf2 Rfd8
16.Ng3 Qe7 17.Rc1 Ng6 18.Qd2 Ne8 19.Nge2 Be5 20.g3 Ng7 21.Be3 Bf6 22.f4 b6
23.Rf2 Rf8 24.Rcf1 Rad8 25.Nd4 Rc8 26.Nf3 g4 27.Nd4 Bxd4 28.Bxd4 f5 29.Re2 Rce8
30.Rfe1 Qd7 31.Bxg7 Kxg7 32.exf5 Rxf5 33.Nd5 e5 34.Ne3 Rf7 35.Nd5 Ref8 36.Re4 exf4
37.gxf4 Qf5 38.Qd4+ Kh7 39.Qf2 Qh5 40.Qc2 Kg8 41.Re6 Nh4 42.Ne7+ Kg7 43.Qb2+ Kh7
44.Qc2+ Kg7 45.Qb2+ Kh7 46.Qc2+  1/2-1/2

[Event "RUS-chT"]
[Site "Podolsk"]
[Date "1993.??.??"]
[Round "?"]
[White "Zaitsev, Igor A"]
[Black "Pozin, Sergey"]
[Result "1/2-1/2"]
[WhiteElo "2450"]
[BlackElo "2340"]

1.e4 c5 2.Nf3 d6 3.Bb5+ Nd7 4.d4 Nf6 5.O-O cxd4 6.Qxd4 g6 7.e5 dxe5 8.Nxe5 Bg7
9.Rd1 O-O 10.Nxd7 Nxd7 11.Qh4 Qb6 12.Bxd7 Rd8 13.Nc3 Rxd7 14.Nd5 Qd8 15.c4 b5
16.Re1 f6 17.Qe4 Bb7 18.Nxe7+ Kf8 19.Nxg6+ hxg6 20.Qxg6 bxc4 21.Bh6 Bxh6
22.Qxh6+ Rg7 23.Rad1 Qc7 24.Qh8+ Kf7 25.Qh5+ Kg8 26.Re8+  1/2-1/2

[Event "RUS-chT"]
[Site "Podolsk"]
[Date "1993.??.??"]
[Round "?"]
[White "Kalegin, Evgenij"]
[Black "Berkovich, Dmitry"]
[Result "1-0"]
[WhiteElo "2355"]
[BlackElo "2465"]

1.e4 c5 2.Nf3 d6 3.Bb5+ Bd7 4.Bxd7+ Qxd7 5.O-O Nc6 6.c3 d5 7.exd5 Qxd5 8.d4 e6
9.Qa4 Nf6 10.Rd1 O-O-O 11.Bf4 Qf5 12.Bg3 Ne4 13.Na3 Nxg3 14.hxg3 cxd4 15.Nxd4 Nxd4
16.cxd4 Bxa3 17.bxa3 Kb8 18.Rab1 Rd6 19.Rb5 Qe4 20.Qb3 Rhd8 21.d5 b6 22.a4 exd5
23.a5 Qe6 24.axb6 axb6 25.Rb1 d4 26.Qa4 Rc8 27.Qa6 Kc7 28.Rxb6 Rxb6 29.Qa7+ Kd8
30.Rxb6 Qd5 31.Qa3 Qc5 32.Qa6 Ke8 33.Rd6 Rb8 34.g4 Kf8 35.Rd7 Rb1+ 36.Kh2 Qe5+
37.g3 g6 38.Qc8+ Kg7 39.Qc4 Rb2 40.Qxf7+ Kh6 41.Qxh7+  1-0

[Event "RUS-chT"]
[Site "Podolsk"]
[Date "1993.??.??"]
[Round "?"]
[White "Voitsekhovsky, Stanislav"]
[Black "Selivjorstov, Albert"]
[Result "0-1"]
[WhiteElo "2370"]
[BlackElo "2335"]

1.e4 c5 2.Nf3 d6 3.Bb5+ Nc6 4.O-O Bd7 5.Re1 e5 6.c3 a6 7.Bxc6 Bxc6 8.d4 Qc7
9.Nbd2 Rd8 10.b4 cxb4 11.cxb4 Ne7 12.Bb2 Ng6 13.Qc2 Qb8 14.Nc4 f6 15.Rac1 Be7
16.Na5 Bd7 17.Qb3 Rc8 18.Rxc8+ Qxc8 19.Rc1 Qb8 20.g3 Bd8 21.Ba3 Ne7 22.dxe5 dxe5
23.Nd2 b5 24.Nf1 Bb6 25.Rd1 Qc8 26.Ne3 Be6 27.Nd5 Nxd5 28.exd5 Bf7 29.Nc6 Qxc6
30.dxc6 Bxb3 31.axb3 O-O 32.Bb2 Rc8 33.Rd6 Rc7 34.Kg2 Kf7 35.f4 exf4 36.gxf4 Ke7
37.Rd3 Rxc6 38.Kg3 Bc7 39.Re3+ Kf7 40.Kg4 Bd6 41.Bc3 Be7 42.f5 Bd6 43.h4 Be7
44.h5 Rd6 45.Kf4 Rd1 46.Re1 Rd3 47.Re3 Bd6+ 48.Ke4 Rxe3+ 49.Kxe3 Be5 50.Bd2 g5
51.hxg6+ hxg6 52.fxg6+ Kxg6 53.Ke4 Bb2 54.Kd5 Kf5 55.Kc6 Ke6 56.Kb6 Kd5 57.Kxa6 Kc6
58.Bh6 f5 59.Bf4 Bc3 60.Ka5 Bf6 61.Ka6 Be7  0-1

[Event "POL-ch"]
[Site "?"]
[Date "1993.??.??"]
[Round "1"]
[White "Gizynski, Tomasz"]
[Black "Kuczynski, Robert"]
[Result "1/2-1/2"]
[WhiteElo "2350"]
[BlackElo "2525"]

1.e4 c5 2.Nf3 d6 3.Bb5+ Bd7 4.Bxd7+ Qxd7 5.O-O Nc6 6.d4 cxd4 7.Nxd4 Nf6 8.Nc3 g6
9.Nf3 Bg7 10.Qe2 O-O 11.Nd5 Nxd5 12.exd5 Nb4 13.Rd1 Rfe8 14.c3 Na6 15.Be3 Nc7
16.a4 a6 17.Bd4 Bf8 18.Bb6  1/2-1/2

[Event "POL-ch"]
[Site "?"]
[Date "1993.??.??"]
[Round "3"]
[White "Gizynski, Tomasz"]
[Black "Jakubiec, Artur"]
[Result "1/2-1/2"]
[WhiteElo "2350"]
[BlackElo "2355"]

1.e4 c5 2.Nf3 d6 3.Bb5+ Nc6 4.O-O Bd7 5.Re1 a6 6.Bxc6 Bxc6 7.c3 Nf6 8.d4 Bxe4
9.Bg5 d5 10.Nbd2 Bxf3 11.Qxf3 cxd4 12.Bxf6 gxf6 13.c4 dxc4 14.Qxb7 Rb8 15.Qc6+ Qd7
16.Qxf6 Rg8 17.Qf3 Rg6 18.Nxc4 Bg7 19.b3 Qc6 20.Qxc6+ Rxc6 21.Rad1 Rd8 22.Rd3 Rd5
23.f4 Kd7  1/2-1/2

[Event "Polanica Zdroj op"]
[Site "Polanica Zdroj"]
[Date "1993.??.??"]
[Round "1"]
[White "Kazmierska, Malgorzata"]
[Black "Borkowski, Franciszek"]
[Result "0-1"]
[WhiteElo "2015"]
[BlackElo "2435"]

1.e4 c5 2.Nf3 d6 3.Bb5+ Nd7 4.O-O Nf6 5.e5 dxe5 6.Nxe5 a6 7.Bxd7+ Nxd7 8.d4 Nxe5
9.dxe5 Qxd1 10.Rxd1 Bf5 11.c4 e6 12.Be3 f6 13.exf6 gxf6 14.Nc3 Rg8 15.Rd2 h5
16.Kf1 Rg7 17.Rad1 Rc7 18.f3 Be7 19.Ne4 Bg6 20.a3 Rb8 21.Bf4 e5 22.Bh6 Bf7
23.Rc1 Rc6 24.Ng3 Bg6 25.Ne2 b5 26.cxb5 axb5 27.Nc3 c4 28.Nd5 Bd8 29.Be3 Ba5
30.Rdd1 Kf7 31.f4 Ke6 32.fxe5 fxe5 33.Kg1 h4 34.Nc3 h3 35.Rd2 Bf5 36.Rf2 Rd6
37.Rd1 Rd3 38.Rxd3 cxd3 39.b4 Bd8 40.Bc5 Bh4 41.Rf3 e4 42.Nxe4 Bxe4 43.Rf4 Kd5
44.Rxh4  0-1

[Event "Rubinstein mem"]
[Site "Polanica Zdroj"]
[Date "1993.??.??"]
[Round "9"]
[White "Kuczynski, Robert"]
[Black "Dorfman, Josif D"]
[Result "1/2-1/2"]
[WhiteElo "2520"]
[BlackElo "2555"]

1.e4 c5 2.Nf3 d6 3.Bb5+ Nd7 4.O-O Nf6 5.Re1 a6 6.Bf1 b6 7.c3 Bb7 8.d3 g6
9.Bg5 Bg7 10.Nbd2 h6 11.Bh4 g5 12.Bg3 Nh5 13.Nc4 Nxg3 14.hxg3 O-O 15.a4 d5
16.exd5 Bxd5 17.d4 cxd4 18.Nxd4 e6 19.Ne3 Bb7 20.Be2 Qc7 21.Bf3 Rfd8 22.Bxb7 Qxb7
23.Qh5 Nf6 24.Qe2 Qe4  1/2-1/2

[Event "POR-chB"]
[Site "?"]
[Date "1993.??.??"]
[Round "4"]
[White "Santos, Jose P"]
[Black "Ribeiro, Fernando"]
[Result "1-0"]
[WhiteElo "2355"]
[BlackElo "2180"]

1.e4 c5 2.Nf3 d6 3.Bb5+ Nd7 4.d4 Nf6 5.e5 Qa5+ 6.Nc3 Ne4 7.Bd2 Nxd2 8.Qxd2 cxd4
9.Qxd4 a6 10.Bxd7+ Bxd7 11.exd6 O-O-O 12.O-O Bc6 13.Qe5 Qxe5 14.Nxe5 Be8
15.d7+ Rxd7 16.Nxd7 Bxd7 17.Nd5 Bc6 18.Nb4 Bd7 19.c4 e6 20.c5 Bb5 21.Rfc1 Be7
22.a4 Be8 23.Rc4 a5 24.Nd3 Bf6 25.Re1 Bc6 26.Ne5 Bxe5 27.Rxe5 Rd8 28.Re1 Rd2
29.b4 axb4 30.Rxb4 Rc2 31.h3 Rxc5 32.Rf4 Be8 33.Ree4 Ra5 34.Rc4+ Kb8 35.Rfd4 Bc6
36.Rd8+ Ka7 37.Rf8 Rf5 38.f4 h5 39.g4 hxg4 40.hxg4 Rf6 41.Kh2 Kb6 42.Kg3 Bd5
43.Rc2 Bc6 44.Rb2+ Kc5 45.a5 Bd5 46.Rb6 Kd4 47.Rd8 Ke3 48.f5 Rh6 49.Rb1 Rf6
50.Re1+ Kd2 51.Re5 Rh6 52.g5 Rh5 53.fxe6 fxe6 54.Kg4 Rh1 55.Rxe6  1-0

[Event "POR-chB"]
[Site "?"]
[Date "1993.??.??"]
[Round "8"]
[White "Cordovil, Joao"]
[Black "Leonardo, Joao"]
[Result "1-0"]
[WhiteElo "2320"]
[BlackElo "2245"]

1.e4 c5 2.Nf3 d6 3.Bb5+ Bd7 4.a4 Nc6 5.O-O Nf6 6.Re1 e6 7.c3 Be7 8.d4 cxd4
9.cxd4 O-O 10.Nc3 a6 11.Bd3 e5 12.dxe5 dxe5 13.Nd5 Bg4 14.Be3 Nxd5 15.exd5 Nd4
16.Bxd4 exd4 17.h3 Bxf3 18.Qxf3 Bf6 19.Rac1 Qd6 20.b4 Rad8 21.Rc5 g6 22.Rec1 Rfe8
23.b5 axb5 24.Rxb5 Re7 25.Rcb1 Kf8 26.g3 Bg7 27.Rxb7 Qxd5 28.Qxd5 Rxd5 29.R7b5 Rxb5
30.axb5 Rb7 31.Be4 Rb6 32.Bc6 Be5 33.Kf1 Bd6 34.Ke2 Bc5 35.Kd3 Ke7 36.Re1+ Kd6
37.Re8 Bb4 38.Rd8+ Ke7 39.Rxd4 Bc5 40.Rd7+ Ke6 41.f3 h5 42.Rd8 Bf2 43.Re8+ Kd6
44.g4 hxg4 45.fxg4 Bh4 46.Ke4 Bg5 47.Rh8 Be7 48.Kf4 Ke6 49.Re8 Rb8 50.Rxb8 Bd6+
51.Kg5 Bxb8 52.Be4 Ba7 53.Bxg6 Be3+ 54.Kh5 f6 55.h4 Bf2 56.Bd3 Ke5 57.g5 f5
58.g6 Kf6 59.Kh6  1-0

[Event "Protvino zt"]
[Site "Protvino"]
[Date "1993.??.??"]
[Round "?"]
[White "Kacheishvili, Giorgi"]
[Black "Anastasian, Ashot"]
[Result "1-0"]
[WhiteElo "2395"]
[BlackElo "2470"]

1.e4 c5 2.Nf3 d6 3.Bb5+ Nd7 4.d4 cxd4 5.Qxd4 a6 6.Bxd7+ Bxd7 7.Nc3 Nf6 8.Bg5 e5
9.Qd3 Rc8 10.O-O-O Rxc3 11.Qxc3 Nxe4 12.Qe3 Nxg5 13.Nxg5 Be7 14.Ne4 O-O 15.Kb1 Bc6
16.f3 d5 17.Ng3 Bd6 18.Nf5 Bc7 19.h4 Re8 20.g4 Qf6 21.h5 h6 22.Rhe1 a5 23.Qc5 Qd8
24.Rd2 d4 25.Qa3 b5 26.Ng3 b4 27.Qd3 Qd5 28.Qe4 Qc5 29.Qf5 a4 30.g5 Qd6 31.gxh6 Qxh6
32.Rg2 b3 33.Qg4 bxa2+ 34.Ka1 Qf6 35.Nf5 Kf8 36.Nxg7 a3 37.Nxe8 axb2+ 38.Kxb2 Kxe8
39.Qc8+ Bd8 40.Rg8+  1-0

[Event "CRO-Cup"]
[Site "Pula"]
[Date "1993.??.??"]
[Round "2"]
[White "Nurkic, Sahbaz"]
[Black "Biliskov, Vjekoslav"]
[Result "1-0"]
[WhiteElo "2425"]
[BlackElo "2305"]

1.e4 c5 2.Nf3 d6 3.Bb5+ Bd7 4.a4 Nc6 5.O-O Nf6 6.Re1 e5 7.h3 Be7 8.c3 O-O
9.d4 Re8 10.d5 Na5 11.Bxd7 Qxd7 12.b4 cxb4 13.cxb4 Nc4 14.Qb3 Rac8 15.Nc3 Nh5
16.Ra2 Bd8 17.Rc2 a6 18.Ne2 b5 19.axb5 axb5 20.g4 Nf6 21.Ng3 Qa7 22.Ra2 Qb7
23.g5 Nd7 24.Nh2 Bb6 25.Qf3 Ra8 26.Rae2 Nf8 27.Ng4 Bd8 28.Nh5 Ng6 29.Qg3 Ra1
30.h4 Kh8 31.Kh1 Qc7 32.Qc3 Rxc1 33.Rxc1 Nxh4 34.f4 Qd7 35.Qh3 Ng6 36.Rh2 f6
37.f5  1-0

[Event "CRO-Cup"]
[Site "Pula"]
[Date "1993.??.??"]
[Round "5"]
[White "Balenovic, Zvonimir"]
[Black "Ljubicic, Filip"]
[Result "0-1"]
[WhiteElo "2275"]
[BlackElo "2335"]

1.e4 c5 2.Nf3 d6 3.Bb5+ Bd7 4.Bxd7+ Qxd7 5.O-O Nc6 6.c3 Nf6 7.d4 Nxe4 8.d5 Nb8
9.Re1 Nf6 10.Bg5 Na6 11.Bxf6 gxf6 12.Qd3 O-O-O 13.Nbd2 e6 14.Nc4 Nc7 15.Ne3 Bh6
16.c4 f5 17.b4 Bxe3 18.Rxe3 f4 19.Ree1 Na6 20.dxe6 fxe6 21.b5 Nc7 22.Rab1 Ne8
23.a4 Rg8 24.a5 Nf6 25.a6 b6 26.Nd2 d5 27.Qc3 Rg6 28.f3 Rdg8 29.Re2 Qg7 30.g4 fxg3
31.h3 Nh5 32.Qxg7 R8xg7 33.cxd5 exd5 34.Re3 Nf4 35.Re8+ Kd7 36.Ra8 Nxh3+
37.Kg2 Nf4+ 38.Kg1 Kd6 39.Rd8+ Ke7 40.Ra8 Kf6 41.Nf1 g2 42.Ne3 Nh3+ 43.Kh2 g1=Q+
44.Rxg1 Nxg1 45.Ng4+  0-1

[Event "CRO-Cup"]
[Site "Pula"]
[Date "1993.??.??"]
[Round "6"]
[White "Loncar, Robert"]
[Black "Radocaj, Denis"]
[Result "0-1"]
[WhiteElo "2455"]
[BlackElo "2340"]

1.e4 c5 2.Nf3 d6 3.Bb5+ Bd7 4.Bxd7+ Nxd7 5.O-O Ngf6 6.Qe2 e6 7.c3 Be7 8.d4 cxd4
9.cxd4 d5 10.e5 Ne4 11.Ne1 Qb6 12.Be3 f6 13.f3 Ng5 14.Nd3 O-O 15.Nc3 Rac8
16.Rfe1 fxe5 17.dxe5 Qa6 18.Kh1 Rc4 19.Qd1 Nb6 20.Ne2 Rfc8 21.Nd4 Nd7 22.a3 Nf8
23.Qd2 h6 24.b4 b6 25.b5 Qb7 26.Nb2 R4c7 27.Nc6 Nf7 28.Nd3 Nd8 29.Nxe7+ Rxe7
30.Rac1 Rec7 31.Rxc7 Rxc7 32.Rc1 Nd7 33.a4 Qc8 34.Rxc7 Qxc7 35.f4 Qc4 36.Nb2 Qf1+
37.Bg1 Nb7 38.Qf2 Qb1 39.Qd4 Nbc5 40.h3 Ne4 41.Kh2 Ndc5 42.Qb4 Qc1 43.Bd4 Qxf4+
44.Kg1 Ng3 45.Bxc5 Ne2+ 46.Kh1 Qc1+ 47.Nd1 Qxd1+ 48.Kh2 bxc5 49.Qxc5 d4  0-1

[Event "CRO-Cup"]
[Site "Pula"]
[Date "1993.??.??"]
[Round "8"]
[White "Cvorovic, Drazen"]
[Black "Tolnai, Tibor"]
[Result "1/2-1/2"]
[WhiteElo "2395"]
[BlackElo "2500"]

1.e4 c5 2.Nf3 d6 3.Bb5+ Bd7 4.Bxd7+ Qxd7 5.c4 Nf6 6.Nc3 Nc6 7.d4 cxd4 8.Nxd4 g6
9.b3 Bg7 10.Bb2 O-O 11.O-O Rfc8 12.Re1 Qd8 13.Nxc6 Rxc6 14.Nd5 e6 15.Nxf6+ Bxf6
16.Bd4 a6 17.a4 Rac8 18.g3 h5 19.h4 Bxd4 20.Qxd4 Qb6 21.Qxb6 Rxb6 22.Re3 Kf8
23.Rd1 Ke7 24.Rdd3 Rc5 25.Kg2 Rbc6 26.Rd5 Rc7 27.Rxc5 Rxc5 28.f4 b5 29.axb5 axb5
30.cxb5 Rxb5 31.Kf3 f5 32.e5 d5 33.Rc3 Kd7 34.Ke3 Rb4 35.Kd2 Re4 36.Rc5 Rd4+
37.Kc2 Re4 38.Kd2 Rd4+  1/2-1/2

[Event "Reykjavik op"]
[Site "Reykjavik"]
[Date "1993.??.??"]
[Round "7"]
[White "Karlsson, Agust S"]
[Black "Gretarsson, Andri A"]
[Result "1-0"]
[WhiteElo "2280"]
[BlackElo "2310"]

1.e4 c5 2.Nf3 d6 3.Bb5+ Nd7 4.d4 cxd4 5.Qxd4 Nf6 6.Bg5 a6 7.Bxd7+ Bxd7 8.O-O e6
9.c4 Be7 10.Nc3 O-O 11.Rfd1 Bc6 12.a4 h6 13.Bh4 Qa5 14.Rab1 Qb4 15.b3 Rac8
16.Re1 Rfe8 17.h3 g5 18.Bg3 Nh5 19.Bh2 f5 20.exf5 Bf6 21.Qg4 Ng7 22.Ne4 Bxe4
23.Qxe4 Nxf5 24.g4 d5 25.cxd5 Qxe4 26.Rxe4 Ng7 27.d6 Red8 28.Rc4 Kf8 29.Ne5 Bxe5
30.Bxe5 Rxc4 31.bxc4 Rd7 32.c5 h5 33.Kg2 hxg4 34.hxg4 Kf7 35.Bxg7 Kxg7 36.Rxb7 Rxb7
37.c6 Rb4 38.c7 Rxg4+ 39.Kf1 Rc4 40.d7  1-0

[Event "Reykjavik op"]
[Site "Reykjavik"]
[Date "1993.??.??"]
[Round "8"]
[White "Karlsson, Agust S"]
[Black "Gausel, Einar"]
[Result "1/2-1/2"]
[WhiteElo "2280"]
[BlackElo "2485"]

1.e4 c5 2.Nf3 d6 3.Bb5+ Bd7 4.Bxd7+ Qxd7 5.O-O Nc6 6.c4 g6 7.d4 cxd4 8.Nxd4 Bg7
9.Be3 Nf6 10.f3 O-O 11.Nc3 Rac8 12.b3 e6 13.Rc1 a6 14.a4 Na5 15.Nde2 Qc7
16.Kh1 Nd7 17.Re1 Nc5 18.Bf4 Ncxb3 19.Bxd6 Qxc4 20.Bxf8 Bxf8 21.Rc2 b5 22.axb5 axb5
23.Ra2 Bb4 24.Rc2 Kg7 25.f4 Bf8 26.Rb2 Ba3 27.Ra2 Bb4 28.Rc2 Bf8 29.Rb2 b4
30.Na2 Rc6 31.Ng3 Rd6 32.Qg4 Qb5 33.f5 Qe5 34.Rf2 Kg8 35.fxg6 hxg6 36.Nxb4 Rd7
37.Nd5 Rxd5 38.Rxf7 Kxf7 39.Rf1+ Kg7 40.exd5 exd5 41.Nf5+ Kh7 42.Qh4+ Kg8
43.Qg4 Kh7 44.Nh4 Qe8 45.Nf3 Kg8 46.Re1 Qf7 47.Ng5 Qf2 48.Nf3 Kh7 49.Qd7+ Bg7
50.Qf7 Qc2 51.Ng5+ Kh6 52.Qf4 Qc4 53.Ne4+ Kh7 54.Ng5+ Kh6 55.Ne4+ Kh7 56.Qh4+ Kg8
57.Qd8+ Kh7 58.Ng5+ Kh6 59.Nf7+ Kh7 60.Ng5+ Kh6 61.Nf7+  1/2-1/2

[Event "ISD-FRA"]
[Site "Reykjavik"]
[Date "1993.??.??"]
[Round "8"]
[White "Prie, Eric"]
[Black "Arnason, Jon L"]
[Result "1/2-1/2"]
[WhiteElo "2470"]
[BlackElo "2535"]

1.e4 c5 2.Nf3 d6 3.Bb5+ Bd7 4.Bxd7+ Nxd7 5.O-O Ngf6 6.Re1 e6 7.b3 Be7 8.Bb2 O-O
9.a4 Rc8 10.d3 Nb8 11.Nbd2 Nc6 12.Nc4 Re8 13.Qe2 Bf8 14.Red1 e5 15.c3 g6
16.Ne3 Bg7 17.c4 a6 18.Rdb1 Ra8 19.Qd1 Bh6  1/2-1/2